MARC

LEADER 00000nam0a2200000 4500
001 327556
005 20231102003954.0
035 |a (RuTPU)RU\TPU\book\353240 
090 |a 327556 
100 |a 20170201d1977 km y0rusy50 ca 
101 0 |a rus 
102 |a RU 
105 |a a z 001zy 
200 1 |a Промышленные печи с радиационными трубами  |f А. Е. Еринов, А. М. Семернин 
210 |a Москва  |c Металлургия  |d 1977 
215 |a 280 с.  |c ил. 
320 |a Библиогр.: с. 274-277 
606 1 |a Промышленные печи трубчатые  |x Термообработка  |2 stltpush  |3 (RuTPU)RU\TPU\subj\52564  |9 70976 
610 1 |a промышленные печи 
610 1 |a радиационные трубы 
610 1 |a нагреватели 
610 1 |a конструкции 
610 1 |a теплообмен 
610 1 |a расчет 
610 1 |a конструирование 
610 1 |a наладка 
610 1 |a эксплуатация 
610 1 |a пропан-бутан 
675 |a 621.783.2  |v 4 
700 1 |a Еринов  |b А. Е.  |g Анатолий Еремеевич 
701 1 |a Семернин  |b А. М.  |g Алексей Матвеевич 
801 1 |a RU  |b 63413507  |c 20170201 
801 2 |a RU  |b 63413507  |c 20170203  |g RCR 
942 |c BK